000 00926cam a22002534a 4500
005 20080820115011.0
008 080216s2008 ii b 001 0 eng
010 _aENG-92078
020 _a8189713019
_c175.00
035 _aEN-75611
037 _bDBAD / PUB
040 _adpl
_bEnglish
082 _a006.3
100 _aArulselvi, A. Christiyana
245 _aData mining-a primer /
_cby A. Christiyana Arulselvi
260 _bPeace Trust (Newed Publication)
_c2008
_aDindigul
270 _aH2/30, R.M. Colony,
_bDindigul
_e624001
300 _aviii, 86p.:
_c21cm (pbk)
_bill.
500 _aIncludes bibliographical references
650 _a Data mining.
942 _2ddc
_cEN
_mARU
_h006.3
999 _c19598
_d19598